STN EN 1834-1: 2001, (09 0106) Piestové spaľovacie morory. Bezpečnostné požiadavky na konštruovania a stavbu motorov na použitie v potenciálne výbušných atmosférach

Bibliographic Details
Format: Book
Language:Slovak
PhysicalDescription:36 s.
Published: Bratislava Slovenský ústav technickej normalizácie 2001
Subjects:

MARC

LEADER 00000cam a2200000 a 4500
001 vtls001440937
003 SK-MaSNL
005 20260301202930.0
008 180126s2001 xo r 0 slo
035 |a SNK000396118 
040 |a SNK  |b slo  |c SNK  |e AACR2 
044 |a xo  |c SK 
046 |a s  |m 200110 (účin. ) 
072 7 |a 621  |x Strojárstvo  |2 konspekt 
080 |a 621.43  |2 2011 
130 0 |a STN 09 0106 (STN EN 1834-1)  |9 585709 
245 1 |a STN EN 1834-1: 2001, (09 0106) Piestové spaľovacie morory. Bezpečnostné požiadavky na konštruovania a stavbu motorov na použitie v potenciálne výbušných atmosférach 
260 |a Bratislava  |b Slovenský ústav technickej normalizácie  |c 2001 
300 |a 36 s. 
650 0 7 |a spaľovacie motory  |2 SNKPH  |9 67366 
650 0 7 |a Internal combustion engines  |2 SNKPHeng  |9 305121 
852 |a Štátna vedecká knižnica v Banskej Bystrici 
999 |c 900737  |d 902667 
952 |a SNK  |b SNK  |y PREZ  |7 0  |p 17A0356124  |o snkSTN EN 1834-1 D1  |i snkN 2030/2002  |0 0  |1 0  |4 0  |d 2002-09-16  |l 0  |r 2005-01-02 00:00:00  |w 2026-02-24 
952 |t P60, <03>, [BOOK], {603}  |a SNK  |b SNK  |y PREZ  |7 0  |p 17A0356123  |o snkSTN EN 1834-1  |i snkN 2029/2002  |0 0  |1 0  |4 0  |d 2002-09-16  |l 0  |r 2005-01-02 00:00:00  |w 2026-02-24